| 000 | 00414nam a22001457a 4500 | ||
|---|---|---|---|
| 005 | 20150831105118.0 | ||
| 008 | 150831b xxu||||| |||| 00| 0 eng d | ||
| 040 | _cPK-LaUMT | ||
| 082 |
_aKHC 306.44089 _bKAS-P |
||
| 100 | _aکاشف علی رضوی | ||
| 245 |
_aپاکستانی زبانیں _cکاشف علی رضوی |
||
| 260 |
_aاسلام آباد _bآصف ہاوس _c2007 |
||
| 300 | _a220 ص | ||
| 942 | _cBK | ||
| 999 |
_c75263 _d75263 |
||